000 00612nam a2200193Ia 4500
005 20250923145608.0
008 008 250917s9999 xx 000 0 eng d
037 _aTextual
040 _aDSWL
_beng
_cDSWL
041 _aeng
_2eng
084 _aY5927.2N8, N81;1
_qDSWL
245 0 _aReport of the Backward classes commission First Part Volumes I and II 1980
_c by Backward Classes, India
260 _aNew Delhi
_b Controller of Publications
_c1981
300 _ax,129 p.
365 _aINR
_b12.50
925 _g12.50
942 _cTEXL
_hY5927.2N8, N81;1
999 _c1453270
_d1453270